<?xml version="1.0" encoding="UTF-8"?>
<record
    xmlns:xsi="http://www.w3.org/2001/XMLSchema-instance"
    xsi:schemaLocation="http://www.loc.gov/MARC21/slim http://www.loc.gov/standards/marcxml/schema/MARC21slim.xsd"
    xmlns="http://www.loc.gov/MARC21/slim">

  <leader>02387nam a2200277 i 4500</leader>
  <controlfield tag="003">DO-SdBNP</controlfield>
  <controlfield tag="005">20260525195622.0</controlfield>
  <controlfield tag="007">ta</controlfield>
  <controlfield tag="008">201215e2019    dr ac||eri||| 001 0 spa d</controlfield>
  <datafield tag="020" ind1=" " ind2=" ">
    <subfield code="a">9789945804508</subfield>
  </datafield>
  <datafield tag="040" ind1=" " ind2=" ">
    <subfield code="a">DO-SdBNP</subfield>
    <subfield code="b">spa</subfield>
    <subfield code="c">BNPHU</subfield>
    <subfield code="e">rda</subfield>
  </datafield>
  <datafield tag="082" ind1=" " ind2="4">
    <subfield code="a">RD861.008</subfield>
    <subfield code="b">A634o</subfield>
    <subfield code="2">23</subfield>
  </datafield>
  <datafield tag="110" ind1=" " ind2=" ">
    <subfield code="a">Semana Internacional de la Poes&#xED;a (7a.</subfield>
    <subfield code="d">: 2018 oct. 19 :</subfield>
    <subfield code="c">Santo Domingo, Rep&#xFA;blica Dominicana)</subfield>
    <subfield code="9">89742</subfield>
    <subfield code="e">autor</subfield>
  </datafield>
  <datafield tag="245" ind1="0" ind2="0">
    <subfield code="a">Antolog&#xED;a VII :</subfield>
    <subfield code="b">Semana Internacional de la Poes&#xED;a : homenaje a los independentistas del 40, a Delia Weber y al Grupo de los Nuevos /</subfield>
    <subfield code="c">editor, Mateo Morrison</subfield>
  </datafield>
  <datafield tag="264" ind1=" " ind2="1">
    <subfield code="a">Santo Domingo; Rep&#xFA;blica Dominicana :</subfield>
    <subfield code="b">Espacios Culturales ,</subfield>
    <subfield code="c">2019</subfield>
  </datafield>
  <datafield tag="300" ind1=" " ind2=" ">
    <subfield code="a">436 p&#xE1;ginas :</subfield>
    <subfield code="b">ilustraciones, retratos ;</subfield>
    <subfield code="c">22 cm</subfield>
  </datafield>
  <datafield tag="336" ind1=" " ind2=" ">
    <subfield code="a">texto</subfield>
    <subfield code="b">txt</subfield>
    <subfield code="2">rdacontent</subfield>
  </datafield>
  <datafield tag="337" ind1=" " ind2=" ">
    <subfield code="a">sin mediaci&#xF3;n</subfield>
    <subfield code="b">n</subfield>
    <subfield code="2">rdamedia</subfield>
  </datafield>
  <datafield tag="338" ind1=" " ind2=" ">
    <subfield code="a">volumen</subfield>
    <subfield code="b">nc</subfield>
    <subfield code="2">rdacarrier</subfield>
  </datafield>
  <datafield tag="505" ind1="1" ind2=" ">
    <subfield code="a">Poes&#xED;a y anhelo ante la palabra herida /</subfield>
    <subfield code="r">Jochy Herrera.--</subfield>
    <subfield code="t">Fabian Augustine Adekunle Badejo.-- Kary Cerda.-- David Cort&#xE9;s Cab&#xE1;n.-- Mart&#xED;n Bambarotta.-- Samuel Gregoire.-- Raquel Lanseros.-- Jes&#xFA;s Losada.-- Danilo Manera.-- Silvio Mignano.-- Kenny Rodr&#xED;guez.-- Paura Rodr&#xED;guez Leyt&#xF3;n.-- Tom&#xE1;s S&#xE1;nchez Santiago.-- Roc&#xED;o Silva-Santisteban Manrique.-- Mar&#xED;a Sol&#xED;s Munuera.-- Roger Toumson.-- Soledad &#xC1;lvarez.-- Basilio Belliard.-- Plinio Chah&#xED;n.-- Jos&#xE9; Enrique Delmonte.-- Denisse Espa&#xF1;ol.-- Angela Hern&#xE1;ndez.--</subfield>
    <subfield code="t">Jos&#xE9; M&#xE1;rmol.-- Mateo Morrison.-- Judith Alayon.-- Valent&#xED;n Amaro.-- Lorenzo Araujo.-- Juan Freddy Armando.-- Elsa B&#xE1;ez.-- Rannel B&#xE1;ez.-- Luis Carvajal.-- Carmen Compr&#xE9;s.-- Daniela Cruz Gil.-- Julio Cuevas.-- Orlando Cordero.-- Le&#xF3;n David.-- Minerva del Risco.-- Mar&#xED;a Farazdel (Palitachi).-- Pedro Pablo Fern&#xE1;ndez.-- Eduardo Gautreau Dewinndt.-</subfield>
    <subfield code="t">Alexis G&#xF3;mez-Rosa.-- M&#xE1;xima Hern&#xE1;ndez.-- Juan Hern&#xE1;ndez Inirio.-- Ram&#xF3;n Antonio Jim&#xE9;nez.-- Manuel Llibre Otero.-- Orlando Mu&#xF1;oz.-- Leiby Ng.-- Lorgio N&#xFA;&#xF1;ez.-- Ylonka Nacidit Peredomo.-- Ram&#xF3;n Perdomo.-- Carmen P&#xE9;rez Valerio.-- Persio P&#xE9;rez.-- Joel Rivera.-- Sally Rodr&#xED;guez.-- Sabrina Rom&#xE1;n.-- Yky Tejada.-- Esteban Tiburcio.-- Mikenia Vargas.--Chiqui Vicioso.-- No&#xE9; Zayas.</subfield>
  </datafield>
  <datafield tag="590" ind1=" " ind2=" ">
    <subfield code="a">Inventariado 2024 / MF</subfield>
  </datafield>
  <datafield tag="650" ind1=" " ind2="4">
    <subfield code="a">Poes&#xED;a dominicana</subfield>
    <subfield code="x">Colecciones</subfield>
    <subfield code="9">351</subfield>
  </datafield>
  <datafield tag="650" ind1=" " ind2="4">
    <subfield code="a">Literatura dominicana.</subfield>
    <subfield code="9">67</subfield>
    <subfield code="x">Antolog&#xED;a po&#xE9;tica</subfield>
  </datafield>
  <datafield tag="700" ind1="1" ind2=" ">
    <subfield code="a">Morrison, Mateo,</subfield>
    <subfield code="d">1946-</subfield>
    <subfield code="e">editor</subfield>
    <subfield code="4">ed.</subfield>
    <subfield code="9">77606</subfield>
  </datafield>
  <datafield tag="942" ind1=" " ind2=" ">
    <subfield code="2">ddc</subfield>
    <subfield code="c">LBS1</subfield>
  </datafield>
  <datafield tag="952" ind1=" " ind2=" ">
    <subfield code="0">0</subfield>
    <subfield code="1">0</subfield>
    <subfield code="2">ddc</subfield>
    <subfield code="5">1</subfield>
    <subfield code="7">0</subfield>
    <subfield code="8">PD</subfield>
    <subfield code="a">BNPHU</subfield>
    <subfield code="b">BNPHU</subfield>
    <subfield code="c">CT</subfield>
    <subfield code="d">2020-11-20</subfield>
    <subfield code="e">Donado por el despacho BN</subfield>
    <subfield code="l">0</subfield>
    <subfield code="o">S471a</subfield>
    <subfield code="p">2020-0755</subfield>
    <subfield code="r">2020-12-15</subfield>
    <subfield code="w">2020-12-15</subfield>
    <subfield code="y">LBS1</subfield>
  </datafield>
  <datafield tag="952" ind1=" " ind2=" ">
    <subfield code="0">0</subfield>
    <subfield code="1">0</subfield>
    <subfield code="2">ddc</subfield>
    <subfield code="5">1</subfield>
    <subfield code="7">0</subfield>
    <subfield code="8">PD</subfield>
    <subfield code="a">BNPHU</subfield>
    <subfield code="b">BNPHU</subfield>
    <subfield code="c">CT</subfield>
    <subfield code="d">2020-11-20</subfield>
    <subfield code="e">Doanado por el despacho BN</subfield>
    <subfield code="l">0</subfield>
    <subfield code="o">S471a</subfield>
    <subfield code="p">2020-0756</subfield>
    <subfield code="r">2020-12-15</subfield>
    <subfield code="t">e.2</subfield>
    <subfield code="w">2020-12-15</subfield>
    <subfield code="y">LBS1</subfield>
  </datafield>
  <datafield tag="952" ind1=" " ind2=" ">
    <subfield code="0">0</subfield>
    <subfield code="1">0</subfield>
    <subfield code="2">ddc</subfield>
    <subfield code="5">6</subfield>
    <subfield code="7">0</subfield>
    <subfield code="8">DS</subfield>
    <subfield code="a">BNPHU</subfield>
    <subfield code="b">BNPHU</subfield>
    <subfield code="c">CT</subfield>
    <subfield code="d">2020-11-20</subfield>
    <subfield code="e">Donado por el despacho BN</subfield>
    <subfield code="l">0</subfield>
    <subfield code="o">S471a</subfield>
    <subfield code="p">2020-0757</subfield>
    <subfield code="r">2020-12-15</subfield>
    <subfield code="t">e.3</subfield>
    <subfield code="w">2020-12-15</subfield>
    <subfield code="y">LBS1</subfield>
  </datafield>
  <datafield tag="952" ind1=" " ind2=" ">
    <subfield code="0">0</subfield>
    <subfield code="1">0</subfield>
    <subfield code="2">ddc</subfield>
    <subfield code="5">6</subfield>
    <subfield code="7">0</subfield>
    <subfield code="8">DS</subfield>
    <subfield code="a">BNPHU</subfield>
    <subfield code="b">BNPHU</subfield>
    <subfield code="c">CT</subfield>
    <subfield code="d">2020-11-20</subfield>
    <subfield code="e">Donado por  el despacho BN</subfield>
    <subfield code="l">0</subfield>
    <subfield code="o">S471a</subfield>
    <subfield code="p">2020-0758</subfield>
    <subfield code="r">2020-12-15</subfield>
    <subfield code="t">e.4</subfield>
    <subfield code="w">2020-12-15</subfield>
    <subfield code="y">LBS1</subfield>
  </datafield>
  <datafield tag="952" ind1=" " ind2=" ">
    <subfield code="0">0</subfield>
    <subfield code="1">0</subfield>
    <subfield code="2">ddc</subfield>
    <subfield code="5">6</subfield>
    <subfield code="7">0</subfield>
    <subfield code="8">DS</subfield>
    <subfield code="a">BNPHU</subfield>
    <subfield code="b">BNPHU</subfield>
    <subfield code="c">CT</subfield>
    <subfield code="d">2025-10-21</subfield>
    <subfield code="e">Donado por Isaolym Mieses</subfield>
    <subfield code="l">0</subfield>
    <subfield code="o">BNPHU DS RD861.008 S471a</subfield>
    <subfield code="p">2025-11985</subfield>
    <subfield code="r">2025-10-21</subfield>
    <subfield code="t">e.5</subfield>
    <subfield code="w">2025-10-21</subfield>
    <subfield code="y">LBS1</subfield>
  </datafield>
  <datafield tag="999" ind1=" " ind2=" ">
    <subfield code="c">49285</subfield>
    <subfield code="d">49285</subfield>
  </datafield>
</record>
